000 00648nam a2200241Ia 4500
003 OSt
005 20220918173124.0
006 a|||||r|||| 00| 0
007 ta
008 220917b |||||||| |||| 00| 0 eng d
024 _a5,257
037 _cTextual
040 _aARTS
_cARTS
_beng
041 _2eng
_aeng
082 _aS:1:6, L6
100 _aLezak Muriel Deutsch
_945036
245 0 _aNeuropsychological assessment
260 _aNew York
_bOxford Univ Press
_c1976
300 _axvii,549p,illus
_ccm.
650 _aNEUROSCIENCES
_928635
942 _hS:1:6, L6
_cTEXL
_2CC
999 _c147297
_d147297